Normal view
MARC view
- Materials
Entry Topical Term
001 - CONTROL NUMBER
- control field: 87344
003 - CONTROL NUMBER IDENTIFIER
- control field: NUST
005 - DATE AND TIME OF LATEST TRANSACTION
- control field: 20220106101915.0
008 - FIXED-LENGTH DATA ELEMENTS
- fixed length control field: 220106|| aca||aabn | a|a d
040 ## - CATALOGING SOURCE
- Original cataloging agency: NUST
- Transcribing agency: NUST
150 ## - HEADING--TOPICAL TERM
- Topical term or geographic name entry element: Materials
670 ## - SOURCE DATA FOUND
- Source citation: Work cat.: (NUST)32831: Cardarelli, François, 1966- 87343, Materials handbook :, c2000.
